00298nam a2200121Ia 4500008004100000100002300041245002200064260004400086300000800130650001400138942000700152999001700159190216s9999||||xx |||||||||||||| ||und|| aCalicut University 0aSahithya Saurabam bCalicut University Central Co-Operative a120 aKavithkal cBK c27650d27650